Schaltungen der starkstromtechnik; Band IV; Mess-schaltungen in den genormten Farben. Mit Anleitung zum Gebrauch der Messinstrumente und zur Durchfuhrung von Messungen Messregeln

Xehetasun bibliografikoak
Egile nagusia: Henze Fritz
Hizkuntza:alemana
Argitaratua: Leipzig, Fachbuchverlag, 1958
Gaiak:
Formatua: Liburua
KOHA link:https://koha.lib.tpu.ru/cgi-bin/koha/opac-detail.pl?biblionumber=28590

MARC

LEADER 00000nam0a2200000 4500
001 28590
005 20231030202907.0
035 |a (RuTPU)RU\TPU\book\28847 
035 |a BOOK00000018 
090 |a 28590 
100 |a 20011209d1958 k y0gery50 ba 
101 0 |a ger 
102 |a DE 
105 |a  000|y 
200 1 |a Schaltungen der starkstromtechnik  |f F. Henze  |h Band IV  |i Mess-schaltungen in den genormten Farben. Mit Anleitung zum Gebrauch der Messinstrumente und zur Durchfuhrung von Messungen Messregeln 
210 |a Leipzig  |c Fachbuchverlag  |d 1958 
215 |a 207 p. 
610 1 |a электротехника 
610 1 |a электрический ток 
610 1 |a схемы 
610 1 |a измерение 
610 1 |a электрические соединения 
610 1 |a напряжение 
610 1 |a высокие напряжения 
675 |a 621.3.027.3  |v 3 
675 |a 621.3.061  |v 3 
700 1 |a Henze  |g Fritz 
801 0 |a DE  |b 63413507  |c 20011209  |g PSBO 
801 2 |a RU  |b 63413507  |c 20140521  |g RCR 
942 |c BK